Statistics for Foo Fighters Charting Songs (Billboard Hot Rock)

Click here to take the quiz!

General Stats

  • This quiz has been taken 32 times
    (22 since last reset)
  • The average score is 12 of 23

Answer Stats

AlbumWeeks OnPeakArtist(s)Song% Correct
The Colour and the Shape6 Weeks#11Foo FightersEverlong
95%
The Colour and the Shape4 Weeks#18Foo FightersMy Hero
74%
Wasting Light43 Weeks#1Foo FightersRope
74%
Wasting Light45 Weeks#1Foo FightersWalk
74%
Wasting Light45 Weeks#2Foo FightersThese Days
68%
Concrete and Gold21 Weeks#10Foo FightersThe Sky is a Neighborhood
68%
Concrete and Gold20 Weeks#7Foo FightersRun
63%
Medicine at Midnight17 Weeks#18Foo FightersWaiting on a War
58%
Greatest Hits20 Weeks#1Foo FightersWheels
58%
Medicine at Midnight1 Week#49Foo FightersNo Son of Mine
53%
But Here We Are18 Weeks#12Foo FightersRescued
53%
Medicine at Midnight15 Weeks#11Foo FightersShame Shame
53%
Wasting Light16 Weeks#22Foo FightersBridge Burning
47%
Sonic Highways18 Weeks#21Foo FightersCongregation
47%
Medicine at Midnight17 Weeks#30Foo FightersMaking a Fire
47%
Saint Cecilia EP14 Weeks#30Foo FightersSaint Cecilia
47%
Sonic Highways20 Weeks#8Foo FightersSomething from Nothing
42%
Sonic Highways2 Weeks#37Foo FightersThe Feast and the Famine
37%
But Here We Are1 Week#33Foo FightersThe Glass
37%
But Here We Are10 Weeks#37Foo FightersUnder You
37%
Concrete and Gold5 Weeks#41Foo FightersThe Line
32%
Sonic Highways1 Week#37Foo FightersWhat Did I Do? / God As My Witness
32%
Sonic Highways9 Weeks#35Foo FightersOutside
26%

Score Distribution

Percentile by Number Answered

Percent of People with Each Score

Your Score History

You have not taken this quiz since the last reset